Statistics for Scrambled Country Names

Click here to take the quiz!

General Stats

  • This quiz has been taken 832 times
    (772 since last reset)
  • The average score is 20 of 24

Answer Stats

Hint Answer % Correct
bcuaCuba
98%
ocxmeiMexico
97%
njpaaJapan
97%
niahcChina
97%
eurpPeru
97%
zbrliaBrazil
95%
dianiIndia
94%
latyiItaly
92%
ecrfanFrance
92%
aibovliBolivia
90%
amjaaciJamaica
89%
siapnSpain
87%
oosvokKosovo
87%
gyenmraGermany
84%
siaursRussia
78%
asakpitnPakistan
77%
lrauiastaAustralia
72%
rasleubBelarus
72%
gmebliuBelgium
68%
nceamoorCameroon
60%
aioobclmColombia
59%
dsorbbaaBarbados
58%
sktijtnaiTajikistan
58%
erlaisIsrael
58%

Score Distribution

Percentile by Number Answered

Percent of People with Each Score

Your Score History

You have not taken this quiz since the last reset